000 00376nam a2200133Ia 4500
008 100328s9999 xx 000 0 und d
082 _b60221
100 _aबोडके नरेंद्र.
245 _aशोावर्तन.
260 _bगं्रथाली.
630 _aशोावर्तन.
730 _aशोावर्तन.
942 _cBOOK
999 _c546383
_d546380